01298nam a2200409 i 450000100060000000300090000600500170001500800390003201500170007102000150008804000280010304100080013104600090013908000100014808000100015808000120016810000450018024501130022526000480033830000340038633600270042033700540044733800280050138000160052938800100054549000180055550400220057365000180059565000140061365000190062765500300064665800300067670000330070671000340073983000170077385600980079043130KOSZ 00520230221124518.0030218s2002 pl a f f |001 0 pol aPB 2003/3310 a8301138793 aWA NcWA NdKOSZ 005/HR0 apol k2002 a550.4 a556.3 a(075.8)1 aMacioszczyk, Aleksandrad(1935- )eAutor10aHydrogeochemia :bstrefy aktywnej wymiany wód podziemnych /cAleksandra Macioszczyk, Dariusz Dobrzyński. aWarszawa :bWydawnictwo Naukowe PWN,c2002. a448 s. :bil., mapy ;c24 cm. 2rdacontentaTekstbtxt 2rdamediaaBez urządzenia pośredniczącegobn 2rdacarrieraWoluminbnc aKsiążki a2001-1 aŚrodowisko. aBibliogr. Indeks. 4aHydrogeologia 4aGeochemia 4aWody podziemne 4aPodręczniki akademickie aGeografia i nauki o Ziemi1 aDobrzyński, DariuszeAutor2 aWydawnictwo Naukowe PWN4pbl. 0aŚrodowisko41uhttp://koha.tu.koszalin.pl/cgi-bin/koha/opac-detail.pl?biblionumber=43130yKatalog online BPK